Evaluación de los conocimientos existentes sobre Cobalto, Manganeso y Mercurio

Wedi'i Gadw mewn:
Manylion Llyfryddiaeth
Prif Awdur: D'Aubarede, Guillermo (Awdur)
Fformat: Llyfr
Iaith:Sbaeneg
Cyhoeddwyd: Santiago Instituto de Investigación de Recursos Naturales 1974
Santiago CORFO 1974
Rhifyn:2a. ed
Pynciau:
Tagiau: Ychwanegu Tag
Dim Tagiau, Byddwch y cyntaf i dagio'r cofnod hwn!

MARC

LEADER 00000nam a2200000 a 4500
001 UCU6174
003 CL-VaPUC
008 960614e19740000cl |||||||||||||||||spa|d
082 0 4 |a 333.85  |b DAU  |2 21 
100 0 |a D'Aubarede, Guillermo  |e author  |9 364324 
245 1 0 |a Evaluación de los conocimientos existentes sobre Cobalto, Manganeso y Mercurio 
250 |a 2a. ed 
300 |a 248 p 
942 |c BK 
945 |d 19960614 00:00:00  |a paguirre 
260 |a Santiago  |b Instituto de Investigación de Recursos Naturales  |c 1974 
260 |a Santiago  |b CORFO  |c 1974 
650 7 |a RECURSOS NO RENOVABLES  |2 CL-VaPUC  |9 359911 
650 0 |a Yacimientos minerales  |9 262212 
650 0 |a Minerales   |9 264051 
650 7 |a COBALTO  |2 CL-VaPUC  |9 364325 
650 7 |a MANGANESO  |2 CL-VaPUC  |9 364326 
650 7 |a MERCURIO  |2 CL-VaPUC  |9 364327 
650 7 |a PRODUCTOS QUIMICOS INORGANICOS  |2 CL-VaPUC  |9 344421 
583 |a last modification  |c 20171114 02:11:36  |k Rodrigo Vera 
999 |c 249198  |d 249196